Manganese resources of east Tennessee, (Record no. 27786)

MARC details
000 -LEADER
fixed length control field 01245cam a22002891 4500
001 - CONTROL NUMBER
control field gs 42000116
003 - CONTROL NUMBER IDENTIFIER
control field DLC
005 - DATE AND TIME OF LATEST TRANSACTION
control field 20260227111347.0
008 - FIXED-LENGTH DATA ELEMENTS--GENERAL INFORMATION
fixed length control field 790105s1942 tnuabf b s000 0 eng c
010 ## - LIBRARY OF CONGRESS CONTROL NUMBER
LC control number gs 42000116
035 ## - SYSTEM CONTROL NUMBER
System control number (OCoLC)4519866
040 ## - CATALOGING SOURCE
Original cataloging agency U.S. Geol. Survey. Library
Transcribing agency MsSM
Modifying agency OCoLC
-- DLC
042 ## - AUTHENTICATION CODE
Authentication code premarc
050 00 - LIBRARY OF CONGRESS CALL NUMBER
Classification number QE165
Item number .A2 no. 50
082 ## - DEWEY DECIMAL CLASSIFICATION NUMBER
Classification number 553.46
100 1# - MAIN ENTRY--PERSONAL NAME
Personal name Reichert, Stanley Orville,
Dates associated with a name 1912-
245 10 - TITLE STATEMENT
Title Manganese resources of east Tennessee,
Statement of responsibility, etc. by Stanley O. Reichert ... with partial reprinting of U.S. Geological Survey Bulletin 737, edited by Geo. I. Whitlatch ...
260 ## - PUBLICATION, DISTRIBUTION, ETC.
Place of publication, distribution, etc. Nashville, Tenn.,
Date of publication, distribution, etc. 1942.
300 ## - PHYSICAL DESCRIPTION
Extent xv, [1] 204 p., 4 l. incl. illus. (incl. diagrs.) tables.
Other physical details plates, maps (part fold., 1 in pocket)
Dimensions 23 cm.
490 0# - SERIES STATEMENT
Series statement Tennessee. Dept. of Conservation. Division of Geology. Bulletin,
Volume/sequential designation no. 50
500 ## - GENERAL NOTE
General note At head of title: State of Tennessee. Dept. of Conservation. Division of Geology. Walter F. Pond, State Geologist.
500 ## - GENERAL NOTE
General note "List of mines and prospects": p. 197-204.
504 ## - BIBLIOGRAPHY, ETC. NOTE
Bibliography, etc. note Bibliography: p. 194-196.
650 #0 - SUBJECT ADDED ENTRY--TOPICAL TERM
Topical term or geographic name entry element Manganese ores
Geographic subdivision Tennessee.
650 #0 - SUBJECT ADDED ENTRY--TOPICAL TERM
Topical term or geographic name entry element Mines and mineral resources
Geographic subdivision Tennessee.
700 1# - ADDED ENTRY--PERSONAL NAME
Personal name Whitlatch, George Isaac,
Dates associated with a name 1905-
Relator term ed.

No items available.

Powered by Koha